000 00373nam a22001217a 4500
008 230621b xxu||||| |||| 00| 0 eng d
082 _a328.35
_bIPC
100 _cInterparliamentary Council
245 _aSummary Records of the Inter- parliamentary Council 155th Session
260 _aDenmark
_bInter parliamentary Union
_c1994
300 _avarious panging
942 _2ddc
_cBK
999 _c2082
_d2082